| 000 | 00924cab a2200205 4500 | ||
|---|---|---|---|
| 001 | ##L134372 | ||
| 008 | 060801n2006 000 0 eng u | ||
| 035 | _a(Sirsi) u134372 | ||
| 041 | 0 | _aeng | |
| 100 | 1 | _aGreig-Smith, Heather | |
| 245 | 0 | 0 | _aBig in Japan |
| 260 | _c2006 | ||
| 490 | 0 |
_aProperty Week _v71(30) 28 July 2006, 31-40(9) |
|
| 520 | _aReports on the revival of significance of Japan for the UK property industry. Looks at the cultural differences between Japan and Europe which make business problematic; difficulties encountered by some retailers in trying to enter the Japanese market; multi-storey industrial facilities; the grand scale and fast pace of office development in Tokyo; and the impact of the recovering economy on the investment market. | ||
| 590 | _aIKA010806 | ||
| 651 | 4 | _aJAPAN | |
| 651 | 4 | _aTOKYO | |
| 690 | _aPROPERTY-COMMERCIAL PROPERTY-COMMERCIAL PROPERTY MARKET | ||
| 942 | _n0 | ||
| 999 |
_c77488 _d77488 |
||